000 00401 a2200121 4500
001 ART_7798
005 20260410161638.0
008 260409a
245 1 0 _aVicisitudes tributarias de las empresas unipersonales y sociedades de hecho (Segunda parte)
100 1 _aLorenzo, Armando
700 1 _aCavalli, César M.
773 0 _tConsultor tributario
_g- Nº 11 (ene. 2008)
_wREV474
999 _c13046
_d13046